Women's poetry of late imperial China (Record no. 20939)
[ view plain ]
| 000 -LEADER | |
|---|---|
| fixed length control field | 01530nam a2200349Ia 4500 |
| 082 04 - DEWEY DECIMAL CLASSIFICATION NUMBER | |
| Classification number | 895.1/099287 |
| 100 1# - MAIN ENTRY--AUTHOR NAME | |
| Personal name | Li, Xiaorong, |
| 245 10 - TITLE STATEMENT | |
| Title | Women's poetry of late imperial China |
| 260 ## - PUBLICATION, DISTRIBUTION, ETC. (IMPRINT) | |
| Place of publication | Seattle : |
| Name of publisher | University of Washington Press, |
| Year of publication | c2012. |
| 300 ## - PHYSICAL DESCRIPTION | |
| Number of Pages | xi, 236 p. : |
| Other physical details | ill. |
| 490 0# - SERIES STATEMENT | |
| Series statement | A China program book |
| 650 #0 - SUBJECT ADDED ENTRY--TOPICAL TERM | |
| Topical Term | Chinese literature |
| Topical Term | Chinese literature |
| Topical Term | Chinese literature |
| 856 40 - ELECTRONIC LOCATION AND ACCESS | |
| Uniform Resource Identifier | http://site.ebrary.com/lib/rucke/Doc?id=10702186 |
No items available.
